00470 a2200169 450000100060000002000150000604000370002110000320005824000280009024500230011830000070014136200090014865000310015794200070018895200880019599900170028371585 a8529402537 cAnchieta - Colégio São Paulo aWielenska, Regina Christina10aApaixonado, eu?!?!lpor10aApaixonado, eu?!?! a320 a2003 4aLiteratura infanto-juvenil cBK 00104070a88.1b88.1d2023-11-22l0p737/CSPr2023-11-22 14:27:48w2023-11-22yBK c71585d71585